|
|
|
|
| LEADER |
00892nam a2200241 a 4500 |
| 001 |
GR-Patra14492 |
| 008 |
020508s1997 xxk g 000 0 eng d |
| 020 |
|
|
|a 0198775024
|
| 040 |
|
|
|a GrPaTEI
|b gre
|c GR-PaULI
|
| 040 |
|
|
|a GrPaTEI
|b gre
|c GR-PaULI
|
| 082 |
|
0 |
|a 330.015193
|2 21
|
| 100 |
1 |
|
|a Romp, Graham
|
| 245 |
1 |
0 |
|a Game theory :
|b introduction and applications /
|c Graham Romp.
|
| 260 |
|
|
|a Oxford :
|b Oxford University Press,
|c c1997
|
| 300 |
|
|
|a x, 284σ. :
|b εικ.
|
| 504 |
|
|
|a Bibliography: p.270-278
|
| 650 |
|
0 |
|a Economics, Mathematical
|
| 650 |
|
0 |
|a GAME THEORY
|
| 710 |
0 |
|
|a Oxford University Press
|
| 942 |
|
|
|2 ddc
|
| 952 |
|
|
|0 0
|1 0
|2 ddc
|4 0
|6 330_015193000000000_ROM
|7 0
|9 293573
|a LISK
|b LISK
|c BSC
|d 2021-01-17
|e 24
|f 1
|g 0.00
|l 0
|o 330.015193 ROM
|p 92410014488
|r 2021-01-17 00:00:00
|t 1
|w 2021-01-17
|y BK15
|x 20020508 0 1
|x GrPaTEI
|
| 971 |
|
|
|a .b26620078
|b 15-04-20
|c 23-09-16
|
| 999 |
|
|
|c 171558
|d 171558
|